Biblioteca

El movimiento apostólico contemporáneo (primera de dos partes) (Registro nro. 51254)

Detalles MARC
000 -LÍDER
Campo fijo de descripción fija 00987caa a22002174i 4500
001 - NÚMERO DE CONTROL
Campo de control 768714001
003 - IDENTIFICADOR DEL NÚMERO DE CONTROL
Campo de control CO-MdFUSB
005 - FECHA Y HORA DE LA ULTIMA TRANSACCIÓN
control field 20230111104249.0
008 - ELEMENTOS DE LONGITUD FIJA -- INFORMACIÓN GENERAL
Campo fijo de descripción fija -- Información general 161110s2001 gt ||||| |||| 00| 0 spa d
022 ## - NÚMERO INTERNACIONAL NORMALIZADO PARA PUBLICACIONES SERIADAS
Número Internacional Normalizado para Publicaciones Seriadas 1014-9341
040 ## - FUENTE DE CATALOGACIÓN
Agencia Catalogadora CO-MdFUSB
Idioma de catalogación spa
Agencia que realiza la transcripción CO-MdFUSB
Agencia que realiza la modificación CO-MdFUSB
041 ## - CÓDIGO DE IDIOMA
Código de idioma para texto/pista de sonido o título separado spa
100 1# - ASIENTO PRINCIPAL--NOMBRE PERSONAL
Nombre personal Núñez, Emilio A.
Término relacionador autor
245 13 - TÍTULO
Título El movimiento apostólico contemporáneo (primera de dos partes)
Mención de responsabilidad / Dr. Emilio Antonio Núñez
300 ## - DESCRIPCIÓN FÍSICA
Extensión Número 29 (Julio - Diciembre, 2001), páginas 77-98
Dimensiones ; 22 cm
520 ## - NOTA DE RESUMEN, ETC.
Nota de sumario, etc. El apostolado no ha sido un don relevante en el origen y expansión de las iglesias pentecostales del siglo veinte. Tampoco cobró protagonismo ene l Neo-pentecostalismo hasta la última década del siglo
653 ## - TÉRMINO DE INDIZACIÓN - NO CONTROLADO
Término no controlado Apostolado
773 0# - ASIENTO DE ITEM FUENTE
Título Kairós
Biblionumber 49489
Itemnumber 61194
Parte(s) relacionada(s) / Volumen., número. (mes año), páginas Número 29 (Julio - Diciembre, 2001), páginas 77-98
Enumeración y primera página Página 77
773 0# - ASIENTO DE ITEM FUENTE
Título Kairós
Biblionumber 49489
Itemnumber 81316
Parte(s) relacionada(s) / Volumen., número. (mes año), páginas Número 29 (Julio - Diciembre, 2001), páginas 77-98
Enumeración y primera página Página 77
942 ## - TIPO DE MATERIAL (KOHA)
Tipo de Item KOHA Artículos de Revista

No hay ítems disponibles.

Biblioteca FUSBC | Teléfono: (57+4) 349 88 10 Ext. 141| WhatsApp (+57) 3005338115 
E-mail: biblioteca@unisbc.edu.co | Calle 76 87-14 Robledo Palenque, Medellín, Colombia

Con tecnología Koha